Geschichte der evangelischen Diaspora und der deutschen Minderheit in Galizien aus der Sicht Theodor Zöcklers

Titel: Geschichte der evangelischen Diaspora und der deutschen Minderheit in Galizien aus der Sicht Theodor Zöcklers / Erasmus Zöckler
Teil: 1. Stanislau
Verfasser:
Ausgabe: 2., überarb. Aufl.
Veröffentlicht: Löhne : Hilfskomitee der Galiziendeutschen A. u. H.B. im Diakonischen Werk der EKD, 2010
Umfang: 173 S. : Ill.
Format: Buch
Sprache: Deutsch
Schriftenreihe/
mehrbändiges Werk:
Geschichte der evangelischen Diaspora und der deutschen Minderheit in Galizien aus der Sicht Theodor Zöcklers / Erasmus Zöckler ; 1
alle Bände anzeigen
Kein Bild verfügbar
X
Lokale Klassifikation: 37 8 G 15 ; 37 11 G ; 2 Z 182 ; 37 8 S 101 ; 37 3 F
alg: 23086912
001A    $03004:07-02-11 
001B    $01999:03-06-23 $t05:30:53.000 
001C    $03004:28-02-11 $t13:32:00.000 
001D    $03004:07-02-11 
001U    $0utf8 
001X    $00 
002@    $0Afu 
003@    $0230869122 
007A    $0230869122 $aHEB 
007G    $0DE02054FA057E15A8ADD9C12578D80052EF8D 
007T    $0Herdhh227623207+1=Bd. 1 
009P    $qapplication/pdf $A2 $3Inhaltsverzeichnis $uhttp://scans.hebis.de/HEBCGI/show.pl?23086912_toc.pdf $mV:DE-603;B:DE-Mb50 
010@    $ager 
011@    $a2010 
021A    $aStanislau 
028A    $#Zöckler, C. E. $#Zöckler, Christian Erasmus $#Cekler, Erazmus $#Zöckler, C. Erasmus $#Zöckler, Erasmus $7120788292 $8Zöckler, Christian E.$Z1925- [Tp3] $9152313850 
032@    $a2., überarb. Aufl. 
033A    $pLöhne $nHilfskomitee der Galiziendeutschen A. u. H.B. im Diakonischen Werk der EKD 
034D    $a173 S. 
034M    $aIll. 
036C    $aGeschichte der evangelischen Diaspora und der deutschen Minderheit in Galizien aus der Sicht Theodor Zöcklers $x11 $hErasmus Zöckler $l1 
036D    $x11 $8Geschichte der evangelischen Diaspora und der deutschen Minderheit in Galizien aus der Sicht Theodor Zöcklers / Erasmus Zöckler $9227623207 
045F    $a200.94386 $eDDC23BSB 
045F/01 $a200.9 
045F/03 $g4386 
045F/03 $g438 
045G    $a909.04924094386 $eDDC23BSB 
045G/01 $a909.04924 
045G/03 $g4386 

lok: 23086912 24
101B    $007-02-11 $t16:12:07.000 
101C    $007-02-11 
101U    $0utf8 
145Z/01 $a37 8 G 15 
145Z/02 $a37 11 G 
145Z/03 $a2 Z 182 
145Z/04 $a37 8 S 101 
145Z/05 $a37 3 F 

exp: 23086912 24 1 #EPN
201B/01 $008-01-19 $t16:23:17.000 
201C/01 $007-02-11 
201U/01 $0utf8 
203@/01 $0605842701 
208@/01 $a07-02-11 $bz 
209A/01 $a10.7189 $du $f050 $h10 7189 $x00 
209A/01 $aSi-Scan $x01 
209C/01 $a10.7189 K $h10 7189 K 
209G/01 $a70984725 $x00 
220C/01 $ahae 
244Z/01 $7119516861 $8--Tp1--Zöckler, Theodor$Z1867-1949 $x01 $9087856492 
247C/01 $8358050-7 Marburg, Bibliothek des Herder-Instituts Marburg $9102600961 

lok: 23086912 78

exp: 23086912 78 1 #EPN
201B/01 $005-03-19 $t22:39:06.000 
201U/01 $0utf8 
203@/01 $0792770560 
208@/01 $a12-11-16 $be 
209A/01 $a/ $f000 $x00 
220C/01 $aAnmerkung: *NG 
237A/01 $aweiterführende Signatur(en): : 10.7189 
244Z/01 $2Trx $#Poola $#Lenkija $#Polija $#Polen Land $#Poland $#Lengyelország $#Poľsko $#Polsko $8--Trx--Polska$gkraj $x01 $9391345966 
244Z/01 $#Івано-Франківськ $#Iwano-Frankiwsk $#Ivano-Frankivsk $#Ivano-Frankovsk $#Iwano-Frankowsk $#Stanislav $#Stanislaw $#Stanisslaw $#Stanisławów $#Stanislawów $#Stanyslaviv $#Sztanisslawow $#Stanislau $74122027-4 $8--Tg1--Ivano-Frankivs'k $x02 $908539758X 
244Z/01 $2Trx $#vähemused, rahvuslikud $#tautinės mažumos $#minorities, national $#kisebbségek, nemzeti $#mniejszości narodowe $#menšiny národnostné $#menšiny národnostní $#Minderheiten, sprachliche $#menšiny, jazykové $8--Trx--Minderheiten, nationale $x03 $9391373978 
244Z/01 $2Trx $#sakslased $#vokiečiai $#Germans $#németek $#Niemcy narodowość $#Nemci $#Němci $8--Trx--Deutsche $x04 $9391356801 
244Z/01 $2Trx $#protestandid $#protestantai $#protestants $#protestánsok $#protestanci $#protestanti $#protestanti $#Lutheraner $#luteráni $#evangelíci $8--Trx--Protestanten $x05 $9391381717 
245Z/01 $a10.02.02.02 $x01 
247C/01 $82080>Marburg/Lahn, Herder-Institut, Forschungsbibliothek, Bibliographieportal $9336309341
LEADER 00000cam a2200000 cc4500
001 230869122
003 DE-603
005 20230603053053.0
007 tu
008 110207s2010 xx |||| | u00||u|ger c
035 |a (DE-599)HEB230869122 
040 |a DE-603  |b ger  |c DE-603  |d DE-603 
041 |a ger 
082 0 4 |8 1\u  |a 200.94386  |q DE-101  |2 23/BSB 
083 0 |8 2\u  |a 909.04924094386  |q DE-101  |2 23/BSB 
085 |8 1\u  |b 200.9 
085 |8 1\u  |z 2  |s 4386 
085 |8 1\u  |z 2  |s 438 
085 |8 2\u  |b 909.04924 
085 |8 2\u  |z 2  |s 4386 
100 1 |a Zöckler, Christian E.  |d 1925-  |0 (DE-603)152313850  |0 (DE-588)120788292  |2 gnd 
245 0 0 |a Geschichte der evangelischen Diaspora und der deutschen Minderheit in Galizien aus der Sicht Theodor Zöcklers  |n 1  |p Stanislau  |c Erasmus Zöckler 
250 |a 2., überarb. Aufl. 
264 1 |a Löhne  |b Hilfskomitee der Galiziendeutschen A. u. H.B. im Diakonischen Werk der EKD  |c 2010 
300 |a 173 S.  |b Ill. 
773 0 8 |q 11  |w (DE-603)227623207 
856 4 2 |m V:DE-603;B:DE-Mb50  |q application/pdf  |u http://scans.hebis.de/HEBCGI/show.pl?23086912_toc.pdf  |3 Inhaltsverzeichnis 
924 0 |9 Mb 50  |a (DE-603)605842701  |b DE-Mb50  |c HES  |d c  |g 10.7189 
924 0 |9 2080  |a (DE-603)792770560  |b DE-2080  |c HES  |d d  |g /